Making Connections: Skills and Strategies for Academic Reading (Record no. 5961)

MARC details
005 - DATE AND TIME OF LATEST TRANSACTION
control field 20250628104017.0
020 ## - INTERNATIONAL STANDARD BOOK NUMBER
International Standard Book Number 978-1-107-51616
100 ## - MAIN ENTRY--PERSONAL NAME
Author name WILLIAMS, J
245 ## - TITLE STATEMENT
Title Making Connections: Skills and Strategies for Academic Reading
260 ## - PUBLICATION, DISTRIBUTION, ETC.
Place of publication, distribution, etc. New York
Name of publisher, distributor, etc. Cambridge
Date of publication, distribution, etc. 2016
300 ## - PHYSICAL DESCRIPTION
Extent 323p.: ill, Picture, Table
Other physical details Refference & Index
Dimensions 25cm
700 ## - ADDED ENTRY--PERSONAL NAME
Other authors/Editors VITTORIO, P
942 ## - ADDED ENTRY ELEMENTS (KOHA)
Source of classification or shelving scheme Dewey Decimal Classification
Koha item type Books
Holdings
Date last seen Total checkouts Full call number Barcode Cost, replacement price Price effective from Koha item type Lost status Source of classification or shelving scheme Damaged status Not for loan Withdrawn status Home library Current library Shelving location Date acquired Source of acquisition Cost, normal purchase price
06/28/2025   808.042 WIL MBY000736 150000.00 06/28/2025 Books   Dewey Decimal Classification       CBE MBEYA CBE MBEYA General Collection 06/28/2025 Purchase 50000.00